000 00868nam a2200217Ia 4500
999 _c37461
_d37461
001 3422
003 GE_BSU
005 20190613162738.0
008 181216s1995||||ge |||||||||||||| ||geo||
040 _cGE_BSU
041 _ageo
080 _a634.32(075.8) ჯ–12
100 _aჯაბნიძე, რეზო
_92484
245 _aმანდარინის სადედე ბაღის განოყიერება /
_cრედ.: შოთა გოლიაძე
264 _aბათუმი :
_bაჭარა,
_c1995.
300 _a105 გვ.:
_bცხრ. ;
_c21 სმ.
504 _aბიბლიოგრ.: გვ. 97-106.
653 _aმანდარინის ბაღის განოყიერება
700 _aგოლიაძე, შოთა
_eრედაქტორი
_92486
942 _cBK
_2udc